<?xml version="1.0" encoding="UTF-8"?>
<record
    xmlns:xsi="http://www.w3.org/2001/XMLSchema-instance"
    xsi:schemaLocation="http://www.loc.gov/MARC21/slim http://www.loc.gov/standards/marcxml/schema/MARC21slim.xsd"
    xmlns="http://www.loc.gov/MARC21/slim">

  <leader>01346cam a2200301 a 4500</leader>
  <datafield tag="999" ind1=" " ind2=" ">
    <subfield code="c">2768</subfield>
    <subfield code="d">2768</subfield>
  </datafield>
  <controlfield tag="003">OSt</controlfield>
  <controlfield tag="005">20210721052154.0</controlfield>
  <controlfield tag="008">210721b           ||||| |||| 00| 0 eng d</controlfield>
  <datafield tag="020" ind1=" " ind2=" ">
    <subfield code="a">0801675227</subfield>
  </datafield>
  <datafield tag="040" ind1=" " ind2=" ">
    <subfield code="c">ALUPE UNIVERSITY</subfield>
  </datafield>
  <datafield tag="050" ind1="0" ind2="0">
    <subfield code="a">RD559</subfield>
    <subfield code="b">.F47 2005</subfield>
  </datafield>
  <datafield tag="100" ind1=" " ind2=" ">
    <subfield code="a">Fess, Elaine Ewing,</subfield>
  </datafield>
  <datafield tag="245" ind1="0" ind2="0">
    <subfield code="a">Hand and upper extremity splinting :</subfield>
    <subfield code="b">principles &amp; methods /</subfield>
    <subfield code="c">Elaine Ewing Fess ... [et al.] ; with 4 contributing authors.</subfield>
  </datafield>
  <datafield tag="250" ind1=" " ind2=" ">
    <subfield code="a">3rd ed.</subfield>
  </datafield>
  <datafield tag="260" ind1=" " ind2=" ">
    <subfield code="a">St. Louis, Mo. :</subfield>
    <subfield code="b">Elsevier Mosby,</subfield>
    <subfield code="c">c2005.</subfield>
  </datafield>
  <datafield tag="300" ind1=" " ind2=" ">
    <subfield code="a">xx, 725 p. :</subfield>
    <subfield code="b">ill. ;</subfield>
    <subfield code="c">29 cm.</subfield>
  </datafield>
  <datafield tag="500" ind1=" " ind2=" ">
    <subfield code="a">Rev. ed. of: Hand splinting. 2nd ed. 1987.</subfield>
  </datafield>
  <datafield tag="504" ind1=" " ind2=" ">
    <subfield code="a">Includes bibliographical references and index.</subfield>
  </datafield>
  <datafield tag="650" ind1=" " ind2="0">
    <subfield code="a">Hand</subfield>
    <subfield code="x">Wounds and injuries.</subfield>
    <subfield code="0">http://id.loc.gov/authorities/subjects/sh85058628</subfield>
  </datafield>
  <datafield tag="650" ind1=" " ind2="0">
    <subfield code="a">Arm</subfield>
    <subfield code="x">Wounds and injuries.</subfield>
    <subfield code="0">http://id.loc.gov/authorities/subjects/sh85046618</subfield>
  </datafield>
  <datafield tag="650" ind1=" " ind2="0">
    <subfield code="a">Splints (Surgery)</subfield>
    <subfield code="0">http://id.loc.gov/authorities/subjects/sh85126834</subfield>
  </datafield>
  <datafield tag="650" ind1="1" ind2="2">
    <subfield code="a">Hand Injuries</subfield>
    <subfield code="x">therapy.</subfield>
    <subfield code="0">https://id.nlm.nih.gov/mesh/D006230Q000628</subfield>
  </datafield>
  <datafield tag="650" ind1="2" ind2="2">
    <subfield code="a">Arm Injuries</subfield>
    <subfield code="x">therapy.</subfield>
    <subfield code="0">https://id.nlm.nih.gov/mesh/D001134Q000628</subfield>
  </datafield>
  <datafield tag="650" ind1="2" ind2="2">
    <subfield code="a">Splints.</subfield>
    <subfield code="0">https://id.nlm.nih.gov/mesh/D013165</subfield>
  </datafield>
  <datafield tag="700" ind1="1" ind2=" ">
    <subfield code="a">Karana A. Gesstle</subfield>
    <subfield code="d">1944-</subfield>
    <subfield code="0">http://id.loc.gov/authorities/names/n80072248</subfield>
  </datafield>
  <datafield tag="700" ind1="1" ind2=" ">
    <subfield code="a">Fess, Elaine Ewing,</subfield>
    <subfield code="d">1944-</subfield>
    <subfield code="t">Hand splinting.</subfield>
  </datafield>
  <datafield tag="942" ind1=" " ind2=" ">
    <subfield code="2">lcc</subfield>
    <subfield code="c">BK</subfield>
    <subfield code="n">JO</subfield>
  </datafield>
  <datafield tag="952" ind1=" " ind2=" ">
    <subfield code="0">0</subfield>
    <subfield code="1">0</subfield>
    <subfield code="2">lcc</subfield>
    <subfield code="4">0</subfield>
    <subfield code="7">0</subfield>
    <subfield code="a">MLIB</subfield>
    <subfield code="b">MLIB</subfield>
    <subfield code="c">OS</subfield>
    <subfield code="d">2021-07-21</subfield>
    <subfield code="e">DONATION FROM MOI UNIVERSITY</subfield>
    <subfield code="l">0</subfield>
    <subfield code="o">RD559 .F47 2005</subfield>
    <subfield code="p">28003358</subfield>
    <subfield code="r">2021-07-21</subfield>
    <subfield code="w">2021-07-21</subfield>
    <subfield code="y">BK</subfield>
    <subfield code="z">JO</subfield>
  </datafield>
</record>
